Odcinki Mangetsuu z Hollow Knight: Silksong - Statystyki

Ogólne statystyki
  • Ten quiz został rozwiązany 3 razy
  • Średni wynik to 6 z 45
Statystyki odpowiedzi
Hint Odpowiedź % Poprawnych
1 SILKSONG TO ARCYDZIEŁO
100%
4 LACE MNIE NIE LUBI
50%
14 OSTATNI SĘDZIA mi PRZYDZWONIŁ
50%
24 REWANŻ Z LACE, CZEKAŁEM
50%
41 SETH, NYLETH i LIFEBLOOD
50%
33 SILKSONG ZOSTAWIŁ MI PUSTKĘ
50%
31 TKACZKA, PIERWSZA GRZESZNICA
50%
19 TROBBIO to nowy GRIMM
50%
27 WIELKA MATKA SILK
50%
18 ZĘBATKOWI TANCERZE CYTADELI
50%
21 100% GRACZY ICH NIENAWIDZI
0%
45 BESTIARIUSZ ŁOWCY - KONIEC
0%
6 CZWARTY CHÓR i SZTUKA LATANIA
0%
15 DROGA GRZESZNIKA i MGŁA BANSHEE
0%
9 GALAMA i STYL ŻNIWIRZA
0%
25 GÓRA FAY I SKRZYDŁA FAYFORNA
0%
8 GREYMOOR I SEKRET PIELGRZYMÓW
0%
17 HORNET W WIĘZIENIU (bez płaszcza :O)
0%
42 KARMELITA, czyli TANCERKA MRÓWEK
0%
36 KORALOWA WIERZA niczym SUBNAUTICA
0%
32 KULTYŚCI OGNIKA i OJCIEC PŁOMIENIA
0%
2 MOC TKACZY i BESTIA DZWONÓW
0%
37 MROCZNY TROBBIO POWRÓCIŁ
0%
5 MRÓWKI I WALKA Z SHAKRĄ
0%
26 OGROMNA PCHŁA, UCZTA I MEMORIUM
0%
35 OSTATNI CREST i SZPILMISTRZYNI
0%
12 OSTRA IGŁA, BIEDRONEK I STYL WĘDROWCA
0%
34 OTCHŁAŃ
0%
39 PATH OF PAIN 2 i RĘKA SILK
0%
20 PAZUROLINA I STYL ARCHITEKTA
0%
16 PHANTOM, czyli KOŚCIELNY ORGANISTA
0%
30 PRZEKLĘTA MATKA SILK
0%
7 PSYCHA SIADA STYLEM BESTII
0%
44 PUSTKA I PRAWDZIWE ZAKOŃCZENIE
0%
22 RATUNEK SHERMY i ICY TOWER CHALLENGE
0%
40 SEKRETNY ENDING I GARMOND
0%
29 SHAKRA I JEJ MISTRZYNI
0%
10 SIOSTRA UTKNĘŁA W SUFICIE, HELP
0%
43 STALOWY WOJOWNIK I MARATON
0%
28 TAJEMNICA ZĘBATEGO RYCERZA
0%
11 TKACZKA WDOWA i OCALENIE BELLHART
0%
23 TRÓJMELODIA I PIASKI KARAK
0%
3 UWIĘZIONY GRINDLE I LAWOWE DOKI
0%
38 VERDANIA i KONICZYNOWI TANCERZE
0%
13 WIERCIOŁKI Z DIUNY
0%
Nie znaleziono quizów pasujących do podanych kryteriów
Rozkład punktacji
Procent ludzi z każdym wynikiem
Percentyl według liczby udzielonych odpowiedzi
Twoja historia wyników
Nie rozwiązałeś tego quizu